000 01278cam a22003497a 4500
003 CHAP
005 20220329142000.0
008 981106d1998 mx r 00110 spa d
010 _a76627
011 _a77599
035 _a87208
040 _cCHAP
090 _aTesis
100 0 0 _aCórdova Avalos, Antonio.
_927832
245 1 0 _aUsos de la fauna silvestre en el Parque Nacional El Chico, Hidalgo
_c/por Antonio Córdova Avalos y Macario Alvaro Rogel Jayer
260 _aChapingo, Méx. :
_bEl autor,
_c1998.
300 _a74 h. :
_bilus. ; gráfs. ; mapas
502 _aTesis (Ing. en Planeación y Manejo de Recursos Naturales Renovables) -- UACH. Departamento de Suelos
590 _aALEPH
_b10
_c20130110
_lUCH01
_h1426
590 _aBATCH-UPD
_b10
_c20130110
_lUCH01
_h0427
590 _aBATCH-UPD
_b10
_c20130410
_lUCH01
_h0103
590 _aBATCH-UPD
_b10
_c20130914
_lUCH01
_h1046
590 _aCONVERSION
_b10
_c20130109
_lUCH01
_h1342
650 1 4 _aParques nacionales
_xHidalgo.
_985710
650 1 4 _aVida silvestre.
_9119155
700 0 _aRogel Jayer, Macario Alvaro.
_999051
901 _aBK
905 _aAraceli Hernández G.
942 _cFOLL
949 _bBC
_cTES
_d33724000706537
_eTS2
_fc.2
_h33143
_i87208
_si
949 _bBC
_cTES
_d872081
_eTS1
_h33142
_i87208
_sb
999 _c76627
_d76627